| 000 | 01294nam0a22003251 4500 | ||
|---|---|---|---|
| 001 | rc\3371356 | ||
| 005 | 20250609222441.0 | ||
| 021 |
_aRU _b[73-55841] |
||
| 035 | _a(NLR Aleph) 007530277 | ||
| 090 |
_a7752922 _c7752922 |
||
| 100 | _a20130115d1973 |||y0rusy50 ca | ||
| 101 | 0 | _arus | |
| 102 | _aRU | ||
| 105 | _aa z ||||| | ||
| 200 | 1 |
_aТраншейные стенки в грунтах _fАН УССР. Ин-т коллоидной химии и химии воды |
|
| 210 |
_aКиев _cНаук. думка _d1973 |
||
| 215 |
_a304 с. _cил. _d22 |
||
| 300 | _aПеред загл. авт.: Н.Н. Круглицкий, С.И. Мильковицкий, В.Ф. Скворцов, В.М. Шейнблюм | ||
| 320 | _aСписок лит.: с. 295-302 (252 назв.) | ||
| 606 |
_aСваи буронабивные _2psbo |
||
| 606 |
_aПодземные сооружения _xПротивофильтрационные устройства _2psbo |
||
| 701 | 1 |
_aМильковицкий _bС.И. |
|
| 701 | 1 |
_aСкворцов _bВ.Ф. |
|
| 701 | 1 |
_aШейнблюм _bВ.М. |
|
| 701 | 1 |
_aКруглицкий _bН.Н. _gНиколай Николаевич |
|
| 801 | 0 |
_aRU _bNLR _gpsbo |
|
| 801 | 1 |
_aRU _bELAR _2rusmarc |
|
| 852 |
_aNLR _j73-5/3082 |
||
| 942 | _cBOOK | ||
| 980 | _aNB | ||